000
00302nam a2200121Ia 4500
100
_a
#N/A
942
_c
BK
654
_a
fedora 10 ; red hat enterprise; linux bible; fedora DVD
245
_a
Fedora 10 & Red Hat Enterprise Linux Bible ; Fedora DVD
260
_b
#N/A
546
_a
ENGLISH
999
_c
29306
_d
29306